Language and language situation in Southeast Asia : With a focus on Malaysia
| Main Author: | |
|---|---|
| Format: | Book |
| Published: |
Kuala Lumpur :
Akademi pengajian Malayu ,
2003
|
| Subjects: |
MARC
| LEADER | 00000cam a2200000 7i4500 | ||
|---|---|---|---|
| 001 | 0000016644 | ||
| 005 | 20080429.0 | ||
| 008 | 280408 | ||
| 020 | |a 983208556X | ||
| 090 | 0 | 0 | |a 420 |b ASM |
| 100 | 1 | |a Asmah Haji Omar | |
| 245 | 1 | 0 | |a Language and language situation in Southeast Asia : |b With a focus on Malaysia |c By Asmah Haji Omar |
| 260 | |a Kuala Lumpur : |b Akademi pengajian Malayu , |c 2003 | ||
| 650 | 0 | |a English language | |
| 999 | |a 0001012801 |b Book |c Adult Collection |e Perbadanan Perpustakaan Awam Johor | ||